Culture Générale - Série 1744 - Statistiques

Statistiques générales
  • Ce quiz a été pris 184 fois
  • Le résultat moyen est 6 sur 10
Statistiques - réponses
Question Réponse % Correct
Que collectionne un bibliophile ? livres
91%
Quel chanteur et acteur français, auteur de Casser la voix et Alors regarde, est aussi un joueur de poker ? Patrick Bruel
89%
Quelle danse de guerre maorie exécutent les All Blacks ? haka
81%
Quel pays a remporté la victoire contre la France lors de la finale de la Coupe du monde de rugby 2011 ? Nouvelle-Zélande
76%
Quel sport voit ses joueurs s'affronter pour la Ryder Cup ? golf
67%
Sous quel pseudonyme connait-on mieux la cuisinière Anne Boutiot (1851-1931), célèbre au Mont Saint-Michel ? mère Poulard
53%
Quel célèbre jeu de logique, tire son nom de l'expression japonaise « nombre unique » ? sudoku
48%
Quel plongeur en apnée, prénommé Jacques, atteignit pour la première fois les 100 mètres en novembre 1976, au large de l'île d'Elbe ? Jacques Mayol
42%
Quel chanteur français a chanté Flo pour Florence Arthaud et Le Voilier noir en hommage à Éric Tabarly ? Pierre Bachelet
33%
Quel plat traditionnel alsacien se compose d'une pâte à pain garnie de crème, de lardons et d'oignons ? flammenkueche
31%
Aucun quiz correspondant
Distribution des résultats
% des personnes avec chaque résultat
Percentile par nombre de réponses
Votre historique - résultats
Vous n’avez pas pris ce quiz